000 00592nam a2200229Ia 4500
003 OSt
005 20250508141150.0
008 210423s2006 xx 000 0 und d
020 _a8170354315
040 _cAL
041 _aeng
082 _a363.7
_223
_bMISE
100 _aMishra C S K
_998808
245 _aEnvironmental issues and options.
260 _aNew Delhi
_bDaya Publishing House
_c2006
300 _aiii,499
_bPB
365 _b1250
_cINR
700 _aKim J W
_9209411
700 _aSaxena Amita
_9209412
906 _aEnvironmental ; issues ; options.
942 _2ddc
_cBK
999 _c163370
_d163370